[Event "FRA-chT2S"]
[Site "France"]
[Date "2003.01.19"]
[Round "6.9"]
[White "Serrano, Charlotte"]
[Black "Verot, Melanie"]
[Result "0-1"]
[WhiteElo "1640"]
[BlackElo "2044"]
[PlyCount "56"]
[EventDate "2002.10.??"]
[EventType "team"]
[EventRounds "11"]
[EventCountry "FRA"]
[SourceTitle "EXT 2004"]
[Source "ChessBase"]
[SourceDate "2003.11.25"]
[SourceVersion "1"]
[SourceVersionDate "2003.11.25"]
[SourceQuality "1"]

1. e4 c5 2. Nf3 d6 3. c3 Nf6 4. Be2 Nc6 5. d4 cxd4 6. cxd4 Qa5+ 7. Bd2 Qb6 8. d5 Nxe4 9. Be3 Qa5+ 10. Nc3 Nxc3 11. bxc3 Ne5 12. Qb3 Nxf3+ 13. Bxf3 e5 14. 0-0 Be7 15. Rab1 0-0 16. Qc2 f5 17. c4 Qc7 18. Rfc1 e4 19. Bh5 f4 20. Bd4 Bg5 21. f3 e3 22. Qc3 Bf5 23. Rb2 Qd7 24. Re2 g6 25. Bg4 Bxg4 26. fxg4 Qxg4 27. Rec2 Rae8 28. Qd3 f3 0-1

[Event "FRA-ch U18 Girls"]
[Site "Le Grand Bornand"]
[Date "2003.??.??"]
[Round "3.9"]
[White "Cid, Nadia"]
[Black "Serrano, Charlotte"]
[Result "1-0"]
[WhiteElo "1810"]
[BlackElo "1640"]
[PlyCount "49"]
[EventDate "2003.??.??"]
[EventType "swiss"]
[EventRounds "9"]
[EventCountry "FRA"]
[SourceTitle "EXT 2004"]
[Source "ChessBase"]
[SourceDate "2003.11.25"]
[SourceVersion "1"]
[SourceVersionDate "2003.11.25"]
[SourceQuality "1"]

1. e4 d5 2. exd5 Qxd5 3. Nf3 Bg4 4. Be2 Nf6 5. d4 e6 6. 0-0 Nc6 7. c4 Qd7 8. Be3 0-0-0 9. Qa4 Kb8 10. Rd1 Nb4 11. Qb3 Bf5 12. Na3 Nc6 13. Nb5 Nb4 14. Rac1 Be4 15. Bf4 Rc8 16. Ne5 Qe8 17. a3 Nc6 18. f3 Bg6 19. Be3 a6 20. Nxc6+ Qxc6 21. Na7 Qd7 22. Nxc8 Kxc8 23. d5 exd5 24. cxd5 Bd6 25. Qb6 1-0

[Event "FRA-ch U18 Girls"]
[Site "Le Grand Bornand"]
[Date "2003.??.??"]
[Round "1.3"]
[White "Harnois, Clementine"]
[Black "Serrano, Charlotte"]
[Result "1-0"]
[WhiteElo "2050"]
[BlackElo "1640"]
[PlyCount "59"]
[EventDate "2003.??.??"]
[EventType "swiss"]
[EventRounds "9"]
[EventCountry "FRA"]
[SourceTitle "EXT 2004"]
[Source "ChessBase"]
[SourceDate "2003.11.25"]
[SourceVersion "1"]
[SourceVersionDate "2003.11.25"]
[SourceQuality "1"]

1. e4 d5 2. exd5 Qxd5 3. Nf3 Bg4 4. Be2 Nf6 5. d4 c6 6. 0-0 e6 7. c4 Qd8 8. Nc3 Be7 9. a3 a5 10. Qb3 b6 11. Rd1 Qc7 12. d5 0-0 13. Be3 Nbd7 14. Rd2 Bd6 15. h3 Bf5 16. dxc6 Nc5 17. Qd1 Nfe4 18. Nb5 Qxc6 19. Rxd6 Nxd6 20. Qxd6 Qxd6 21. Nxd6 Bd3 22. Bxc5 Bxe2 23. Bxb6 Ra6 24. c5 Bd3 25. Rd1 Bc2 26. Rd2 Ba4 27. Ne5 h6 28. Ndc4 Bb3 29. Nxa5 Bd5 30. b4 1-0